01244nam a2200217 450000500170000000800410001702000180005803700120007604000130008808400260010110000260012724500600015326000360021330000700024952005700031965000270088965000230091665000340093994200320097399900210100520250422094837.0250422b |||||||| |||| 00| 0 eng d a9788178246864 cTextual aRTLcRTL aY5926(NA,6).2 R2qRTL aTilche, Alice9752681 aAdivasi art and activism: Curation in a nationalist age aRanikhetbPermanent Blackc2022 aix, 244p p. : ill.bIncludes bibliographical references and index aAs India consolidates an aggressive model of economic development, indigenous tribal people – the Adivasis – continue to be overrepresented among the country's poor. Adivasis make up more than eight hundred communities in India, with a total population of more than a hundred million people speaking more than three hundred different languages. Although their historical presence is acknowledged by the state and they are lauded as part of India's ethnic identity, their poverty has been compounded by the suppression of their cultural heritage and lifestyle.  aAdivasi- India9752682 aTribal art9752683 aTribe- museums- India9752684 2CCn0cTBhY5926(NA,6).2 R2 c1309269d1309269